000 00813nam a22002777a 4500
003 CHAP
005 20220329134600.0
008 971013s1960 r 00010 d
010 _a22523
011 _a23495
035 _a27591
040 _cCHAP
082 _a539.744
_bD83
100 0 0 _aDuckworth, Henry E.
_934365
245 _aMass spectroscopy
260 _aCambridge :
_bUniversity Press,
_c1960
300 _a206 p.
_b: ilus.
590 _aBATCH-UPD
_b10
_c20130110
_lUCH01
_h2223
590 _aBATCH-UPD
_b10
_c20130410
_lUCH01
_h1520
590 _aBATCH-UPD
_b10
_c20130914
_lUCH01
_h1555
590 _aCONVERSION
_b10
_c20130109
_lUCH01
_h1313
650 1 4 _aEspectrografía de masa.
_937798
901 _aBK
942 _cLIBRO
949 _a539.744 D83
_bBC
_cLIBRO
_d33724000157574
_eLIBRO
_h10020
_i27591
_si
999 _c22523
_d22523